| 000 | 00618nam a2200217Ii 4500 | ||
|---|---|---|---|
| 003 | JO-AjNU | ||
| 008 | 230606s9999||||xx |||||||||||||| ||und|| | ||
| 020 | _a1-85554-060-6 | ||
| 040 |
_aJO-AjNU _beng _erda _cJO-AjNU |
||
| 041 | _aeng | ||
| 050 | 1 | 4 | _aHF5681 1990 |
| 100 | 3 |
_aBassett, P H, _eauthor _93273 |
|
| 245 | 0 | 0 | _aComputerised Accounts |
| 250 | _a1 ed | ||
| 264 | 3 | 1 | _aManchester: Ncc Blackwell,1990 |
| 300 |
_a323p _b Includes indexes(p315-323) |
||
| 336 |
_atext _btxt _2rdacontent |
||
| 337 |
_aunmediated _bn _2rdamedia |
||
| 338 |
_avolume _bnc _2rdacarrier |
||
| 650 | 4 |
_aComputerised Accounts _93274 |
|
| 999 |
_aE1712 _c1712 _d1712 |
||